Quizzes
Events
Quiz Creation
Community
Videos
Private Events
Remove Ads
Sign In
Join for FREE
Feedback
Dark Mode
Quiz Categories
Sports
Geography
Music
Movies
Television
Just For Fun
Miscellaneous
History
Literature
Language
Science
Gaming
Entertainment
Religion
Holiday
For Kids
Quiz Lab
Recent
Popular Today
Quiz Kudos Today
Editor Picks
Curator Picks
Quizzes by...
Day
Popularity
Type
Ratings
Length
Year
Community
Subscriptions
Recent Discussions
Orange Saloon
Badges
Playlists
Quests
Create
Leaderboards
Showdown
Live 5
Trivia Bingo
Activity
Puzzle Library
Sporcle Events
Private Events
Virtual Trivia
Globe League
Become a Host
Pub Owners
SporcleCon
Opinionation
Our Games
Videos
Blog
Mobile Apps
Partnerships
Remove Ads and Go Orange
Feedback
Movies
Disney
Marvel Cinematic Universe
Movie Resume
Movie Titles
Oscar
Actor
Actress
Director
Pixar
Role
Movie Quotes
Movie Characters
Box Office
Nominee
Best Picture
Star Wars
James Bond
Horror Movies
Movies
Disney
Marvel Cinematic Universe
Movie Resume
Movie Titles
Oscar
Actor
Actress
Director
Pixar
Role
Movie Quotes
Movie Characters
Box Office
Nominee
Best Picture
Star Wars
James Bond
Horror Movies
Random Quiz
Search Sporcle
×
Quiz Lab
Quiz Lab
Movies
Horror Movies
Type in answers that appear in a list
Type in answers that appear in a list
Classic
Best Score? Go Orange.
SciFi Fantasy & Horror - 7 Words or Less Stats
Can you name the SciFi Fantasy or Horror Movie Title?
By
kthxbai
8m
50 Questions
447 Plays
447 Plays
447 Plays
Comments
Comments
Give Quiz Kudos
Give Quiz Kudos
-
- Ratings
hide this ad
Forced Order
Answers have to be entered in order
Answers have to be entered in order
Replay
Link that replays current quiz
Next Quiz
Link to next quiz in quiz playlist
You Got
0%
They Got
Avg Score
24%
Avg Friend Score
Upgrade to see
Score Distribution
Jump to the score distribution portion of the page
Score
0/50
Timer
08:00
0
Plays Today
Clue
Movie Title
% Correct
'The power of Christ compels you!'
The Exorcist
78.1%
'Damien...it's all for you.'
The Omen
77%
'It was beauty killed the beast.'
King Kong
75.2%
'Do you like scary movies?'
Scream
69.4%
Look in mirror. Repeat name five times.
Candyman
51.7%
'Remember, remember, the Fifth of November.'
V for Vendetta
44.7%
With Ziggy Stardust as the Goblin King
Labyrinth
44.1%
A boys best friends are his rats.
Willard
42.1%
Seven strangers. Shifting rooms. Math an asset.
Cube
38.7%
'They're coming to get you, Barbara.'
Night of the Living Dead
38.3%
Haircut? Topiary? He's your man.
Edward Scissorhands
37.8%
'Asps...very dangerous. You go first.'
Raiders of the Lost Ark
37.8%
'Tonight, a comedian died in New York.'
Watchmen
31.1%
'Let the wild rumpus start!'
Where the Wild Things Are
30%
'Don't dream it, be it.'
The Rocky Horror Picture Show
28%
First period. Werewolf bite. Puberty sucks.
Ginger Snaps
27.3%
'I've been twelve for a long time.'
Let the Right One In
26.8%
Lead actor Rains doesn't *show* until end.
The Invisible Man
25.5%
Tic tac toe game saves the world
War Games
25.1%
It's 'I Got You Babe'. Again.
Groundhog Day
24.8%
Two men enter. One man leaves.
Mad Max Beyond Thunderdome
21%
'Stand up fight, sir, or another bughunt?'
Aliens
20.8%
Portal exits beside New Jersey Turnpike
Being John Malkovich
20.1%
Harshest late video return penalty EVER!
The Ring
18.8%
She's a real pussycat when she's excited.
The Cat People
18.6%
Clue
Movie Title
% Correct
'Consider that a divorce.'
Total Recall
18.3%
'From Hell's heart, I stab at thee!'
Star Trek: The Wrath of Khan
16.8%
'The great cat is dead!'
The Chronicles of Narnia: The Lion, the Witch and the Wardrobe
15.9%
Thirty-
three year old proportional dwarf? Riiiiiight.
Orphan
15.7%
'...as anatomically impaired as a Ken doll.'
Dogma
15.2%
Psst...30 year olds. Sanctuary? Doesn't exist.
Logan's Run
15.2%
Sensory deprivation tank plus hallucinogenic drugs? Okaaaay.
Altered States
14.5%
BunVac 6000 -
125 rpm (rabbits per minute)
Wallace & Gromit in The Curse of the Were-Rabbit
13.6%
Shakespeare's 'The Tempest'...in space.
Forbidden Planet
12.8%
Raquel Welch -
nano-
scientist
Fantastic Voyage
12.3%
'At last! My arm is complete again!'
Sweeney Todd: The Demon Barber of Fleet Street
12.3%
'Technically speaking, the operation is brain damage.'
Eternal Sunshine of the Spotless Mind
11.6%
'It's an...it's an impact tremor.'
Jurassic Park
10.1%
'Today is a good day to die.'
Flatliners
9.8%
Surgical shine job for 20 menthol Kools
Pitch Black
9.4%
'The End Is Extremely F***ing Nigh'
28 Days Later
8.9%
Kill one. Save a thousand.
Wanted
8.7%
'I thought you were dead.'
Escape From New York
8.3%
'...a new world of gods and monsters.'
Bride of Frankenstein
8.3%
'Are you cussing with me?'
Fantastic Mr. Fox
7.4%
'I like New York in June...'
The Fisher King
6.9%
'Because for her I will cross over.'
Hellboy
5.8%
'Will you die for him?'
The Seventh Sign
5.6%
'Just room for one inside, sir.'
Dead of Night
4.3%
'My name is Rex Hofman...Saskia! Saskia!'
The Vanishing
3.8%
Quiz Playlist
Details
Report
Send in Message
Add To Playlist
Classic:
Type in answers that appear in a list
Forced Order:
Answers have to be entered in order
Last Updated: Feb 16, 2017
Quiz Scoreboard
CHALLENGE
Sign Up to Join the Scoreboard
Show All
Scores
Hide
Comments
May contain spoilers
Recently Published
Pick 6: Fruits
by JohnFran
Miscellaneous
15s
Click the 1999 NBA Draft
by nibperrychub
Sports
2m
Alphabetical 'K' Countries by Flag Minefield
by ylime102
Geography
3m
More to Explore
Quiz From the Vault
Featured Blog Post
15 Basketball Trivia Facts You Can Be March Mad About
hide this ad
You Might Also Like...
Tags
Horror Movies Quiz
Fantasy
horror
less
sci-fi
Today's Top Quizzes in Movies
Browse Movies
hide this ad
Today's Top Quizzes in Horror Movies
Browse Horror Movies
Top Contributed Quizzes in Movies
1
Pick 6: Harry Potter
2
Pick 6: Actors
3
Pick 6: Movie Franchises
4
Pick 6: Actresses
5
Pick 6: Disney Princesses
6
Match The President To The Fictional Crisis
7
10 Quentin Tarantino Movies in Order
8
Minor Oscar Winners (1980s)
9
Sorting Squares 5 to 1- 1 to 5 Tom Hanks Movies
10
Seasonal Films
Explore More
Trending Topics
Harry Potter
NBA
Kpop
Disney
Marvel
Crossword
Anime
WWE
The Office
Puzzle
Pokémon
NFL
Song
Soccer
Country
hide this ad
More By:
kthxbai
Quiz
Plays
Rating
Category
Featured
Created
100 Authors by Their Characters
140,512
4.27
Literature
Jul 6, 2010
Classic Movies by Haiku
32,255
4.36
Movies
Jul 29, 2010
Movies by Famous Props
3,483
4.07
Movies
May 26, 2010
Figure Out the Lyrics - Nostalgic
3,299
3.81
Music
May 21, 2010
From Eh to Zed - Canadian Trivia
1,174
4.71
Miscellaneous
Apr 3, 2010
Go to Creator's Profile
Score Distribution
Quiz Creator Spotlight
kthxbai
Follow
Send a Message
Quizzes Created
-
Created Quiz Play Count
-
More By This Creator
Popular Quizzes Today
1
Find the US States - No Outlines Minefield
2
Countries of Asia Without Outlines Minefield
3
Pick 6: Fruits
4
Alphabetical 'K' Countries by Flag Minefield
5
The Countries of the World
6
Click the 1999 NBA Draft
7
Find the US States
8
Match the Book to the Film X
More Movies Quizzes
Sandlot Characters by Trading Card
Curator's Pick
Trending Quizzes
Pick 6: Harry Potter
Pick 6: Mountains
Pick 6: NFL Teams
Pick 6: Golfers
Pick 6: Movie Franchises
Recently Updated
Women's Final Four Teams by Year
bhenderson79
Presidents Quartet II
eogle
Anything But Clue(do)
eogle
Anything But Oceanian Capitals
eogle
Anything But 7
eogle
Anything But Thing
eogle
Word Ladder: February 29
pecheneg
Song Title Questions
pecheneg
Women's NCAA Tournament #1 Seeds
pecheneg
Celebrity Mug Shots
pecheneg
Trending Topics
Harry Potter
Crossword
Marvel
Kpop
Anime
NBA
Disney
Soccer
Song
Pokémon
Puzzle
Country
NFL
WWE
The Office
Your Account Isn't Verified!
In order to create a playlist on Sporcle, you need to verify the email address you used during registration. Go to your
Sporcle Settings
to finish the process.
Report this User
Report this user for behavior that violates our
Community Guidelines
.
Details:
Send Report
Go to the Sporcle.com Mobile Site →
Comments